Great Literature #31 - Statistics

General Stats
  • This quiz has been taken 126 times
  • The average score is 12 of 20
Answer Stats
Hint Explanation Answer % Correct
Mark Twain 1876 The Adventures of Tom Sawyer
100%
Leo Tolstoy 1886 (Смерть Ивана Ильича) The Death of Ivan Ilyich
92%
James Fenimore Cooper 1826 The Last of the Mohicans
83%
Sophocles c. 442 BCE Ajax
82%
Paulo Coelho 1988 (O Alquimista) The Alchemist
82%
John Keats 1819 Ode on a Grecian Urn
80%
John Fowles 1969 The French Lieutenant’s Woman
66%
Henry James 1898 The Turn of the Screw
65%
Thomas Malory 1485 Le Morte d’Arthur
59%
Cao Xueqin c. 1763 (紅樓夢) Dream of the Red Chamber
58%
Philip Roth 2000 The Human Stain
56%
Thomas Keneally 1982 (Schindler’s Ark) Schindler’s List
55%
Saul Bellow 1975 Humboldt’s Gift
52%
Alan Moore 1986-1987 Watchmen
44%
Witold Gombrowicz 1937 Ferdydurke
35%
Pat Barker 1991 Regeneration
35%
Wu Cheng’en c. 1592 (西遊記) Journey to the West
34%
Jesmyn Ward 2017 Sing, Unburied, Sing
30%
Samuel Beckett 1953 The Unnamable
30%
Elizabeth Bishop 1965 Filling Station
17%
No matching quizzes found
Score Distribution
Percent of People with Each Score
Percentile by Number Answered
Your Score History
You have not taken this quiz